000 00326nam a22001217a 4500
008 230627b xxu||||| |||| 00| 0 eng d
082 _a338.1
_bUON
245 _aAnnual Report 1978-79
_bUniversity of Nairobi
260 _aNairobi
_bUniversity of Nairobi
300 _aXI,314p
440 _n63
_pOccasional Paper
942 _2ddc
_cBK
999 _c2910
_d2910